000 00640nam a22002297a 4500
003 UA-OsUOA
001 91567
007 ta
008 20121203b un ||||| |||| 00| 0 ukr d
100 _aТичина П. Г.
090 _a821.161.2
_bТ46
942 _cBK
040 _aUA-OsUOA
_bukr
_cUA-OsUOA
_dUA-OsUOA
245 _aПодрож з капелою К. Г. Стеценка
_bповість
300 _a261 с.
955 _a3
041 _aukr
080 _a821.161.2
260 _aК.
_bРад. письменник
_c1982
650 7 _a82 Література. Літературознавство
_2UDC
999 _c377824
_d377824